Megkérdeztük: Barta Gyula festöművészt: hogy van?

Podrobná bibliografia
Hlavní autori: Barta, Gyula (Autor), Kulcsár, Tibor, 1938-1993 (Autor)
Ďalší autori: Robinsonová, Magdaléna, 1924-2006 (gup)
Médium: Článok
Jazyk:maďarčina
Fyzický popis:Fot. 1.
Predmet:

MARC

LEADER 00000nab a2200000 a 4500
001 vtls000463697
003 SK-MaSNL
005 20260318133032.0
008 160216c1991 xo 0 hun
015 |a SNBRB19rr/mm-uuuuu 
035 |a CL0463830 
040 |a SNKBUCL  |b slo  |c SNKBUCL  |e AACR2 
041 0 |a hun 
044 |a xo  |c SK 
080 |a 75.071.1(437=945.11)  |2 1981 
080 |a 929 Barta, Gyula  |2 1981 
100 1 |a Barta, Gyula  |4 aut  |9 1233805 
245 1 0 |a Megkérdeztük: Barta Gyula festöművészt: hogy van?  |c Gyula Barta, Tibor Kulcsár ; Magdaléna Robinsonová 
300 |b Fot. 1. 
600 1 7 |a Barta, Gyula  |d 1922-  |x život a tvorba umelecká - rozhovory  |2 snkbucl  |9 1233806 
655 7 |a články z novín a časopisov  |2 snkbucl  |9 267496 
700 1 |a Kulcsár, Tibor,  |d 1938-1993  |4 aut  |9 238209 
700 1 |a Robinsonová, Magdaléna,  |d 1924-2006  |4 gup  |9 52589 
773 0 |t Vasárnap  |g Roč. 24, č. 28 (1991), s. 9 
850 |a Slovenská národná knižnica v Martine  |a MTA001 
852 |a SNK  |b KIS3GCP 
958 |a BX 
958 |a RK 
958 |a HU 
992 |a RBX 
999 |c 2178413  |d 2180343